Catálogo de la Exposición bibliográfica hispano-italiana de los siglos XVI a XVIII (celebrada en noviembre de 1940) / redactado y ordenado por Juan Givanel y Mas ; con un tributo a D. Eduardo Toda y Güell por Felipe Mateu y Llopis
MARC
| LEADER | 00000nam a2200000Ia 4500 | ||
|---|---|---|---|
| 001 | 8027 | ||
| 008 | 160829s1942 xx 000 0 cat d | ||
| 080 | |a A-1-286 | ||
| 245 | |a Catálogo de la Exposición bibliográfica hispano-italiana de los siglos XVI a XVIII (celebrada en noviembre de 1940) / redactado y ordenado por Juan Givanel y Mas ; con un tributo a D. Eduardo Toda y Güell por Felipe Mateu y Llopis | ||
| 260 | |a Barcelona : |b Casa Provincial de Caridad, |c 1942 | ||
| 300 | |a 64 p., [17] p. de làm. ; |c 24 cm | ||
| 590 | |a A la part superior de la portada: Diputación Provincial de Barcelona, Biblioteca Central | ||
| 650 | |a Biblioteca Central (Barcelona) |x Catàlegs |9 25993 | ||
| 650 | |a Llibres antics |x Itàlia |x S. XVI/XVIII |x Exposicions |9 25994 | ||
| 650 | |a Itàlia |x Impresos |x Exposicions |9 25995 | ||
| 700 | 1 | |a Givanel Mas, J. |q (Joan), |d 1868-1946 |9 24868 | |
| 700 | 1 | |a Mateu y Llopis, Felipe, |d 1901-1998 |9 23991 | |
| 710 | 2 | |a Biblioteca Central (Barcelona, Catalunya) |9 54533 | |
| 901 | |a Arxiu | ||
| 942 | |n 1 | ||
| 952 | |0 0 |1 0 |4 0 |6 A1286 |7 1 |9 43851 |a Arxiu |b Arxiu |d 2016-12-01 |l 0 |o A-1-286 |p 8027 |r 2016-12-01 00:00:00 |w 2016-12-01 |y ARXIU | ||
| 999 | |c 46430 |d 46430 | ||